Online
Catalog

África ia sangre y fuego! / (Record no. 7256)

MARC details
000 -CABECERA
campo de control de longitud fija 00827cam a2200253 a 4500
001 - NÚMERO DE CONTROL
campo de control 000007475
003 - IDENTIFICADOR DEL NÚMERO DE CONTROL
campo de control OSt
005 - FECHA Y HORA DE LA ÚLTIMA TRANSACCIÓN
campo de control 20201001142821.0
008 - DATOS DE LONGITUD FIJA--INFORMACIÓN GENERAL
campo de control de longitud fija 770126s1975 sp 000 0aspa
020 ## - NÚMERO INTERNACIONAL ESTÁNDAR DEL LIBRO
Número Internacional Estándar del Libro 8432505331
040 ## - FUENTE DE LA CATALOGACIÓN
Centro catalogador/agencia de origen DO-SdBNP
Lengua de catalogación spa
Centro/agencia transcriptor BNPHU
100 1# - ENTRADA PRINCIPAL--NOMBRE DE PERSONA
Nombre de persona Olano, Antonio D.,
Fechas asociadas al nombre 1938-
9 (RLIN) 20770
245 10 - MENCIÓN DE TÍTULO
Título África ia sangre y fuego! /
Mención de responsabilidad, etc. Antonio D. Olano ; prólogo Manuel Blanco Tobio.
260 ## - PUBLICACIÓN, DISTRIBUCIÓN, ETC.
Lugar de publicación, distribución, etc. Madrid :
Nombre del editor, distribuidor, etc. Doncel,
Fecha de publicación, distribución, etc. 1975.
300 ## - DESCRIPCIÓN FÍSICA
Extensión 319 p. ;
Dimensiones 18 cm.
490 1# - MENCIÓN DE SERIE
Mención de serie El Libro de bolsillo Doncel
Designación de volumen o secuencia 71
500 ## - NOTA GENERAL
Nota general Incluye notas al pie de las páginas.
600 14 - PUNTO DE ACCESO ADICIONAL DE MATERIA--NOMBRE DE PERSONA
Nombre de persona OLANO, ANTONIO D.,
Fechas asociadas al nombre 1938-
9 (RLIN) 20772
651 #4 - PUNTO DE ACCESO ADICIONAL DE MATERIA--NOMBRE GEOGRÁFICO
Nombre geográfico África Sub Sahara
Subdivisión general Descripciones Y Viajes
9 (RLIN) 20771
700 1# - PUNTO DE ACCESO ADICIONAL--NOMBRE DE PERSONA
Nombre de persona Blanco Tobio, Manuel
Término indicativo de función/relación pról.
9 (RLIN) 20773
830 #0 - PUNTO DE ACCESO ADICIONAL DE SERIE-TÍTULO UNIFORME
Título uniforme El Libro de bolsillo Doncel, 71
9 (RLIN) 8628
942 ## - ELEMENTOS DE PUNTO DE ACCESO ADICIONAL (KOHA)
Fuente del sistema de clasificación o colocación Dewey Decimal Classification
Tipo de ítem Koha Libros y folletos
956 ## - LOCALIZACIÓN Y ACCESO ELECTRÓNICOS LOCAL (OCLC)
Nombre del host LOPEREZ
Holdings
Estado de retiro Estado de pérdida Restricciones de uso No para préstamo Código de colección Localización permanente Ubicación/localización actual Ubicación en estantería Fecha de adquisición Número de inventario Total de préstamos Signatura topográfica completa Código de barras Fecha visto por última vez Precio válido a partir de Tipo de ítem Koha Fuente del sistema de clasificación o colocación Número de copia
    Préstamo interno   Monografías: Libros y Folletos General General Depósito 08.09.2009 LF1   7475-10 25.06.2020 25.06.2020 Préstamo interno    
  Extraviado Préstamo restringido Préstamo restrigido Monografías: Libros y Folletos General General Extraviado 24.11.2009 LF1   7475-20 25.06.2020 25.06.2020 Préstamo interno Dewey Decimal Classification e,2
  Extraviado Préstamo interno   Monografías: Libros y Folletos General General Extraviado 24.11.2009 LF1   7475-30 25.06.2020 25.06.2020 Préstamo interno   e,3
  Extraviado   Excluido de préstamo Monografías: Libros y Folletos General General Extraviado 10.04.2017 LF1   7475-40 25.06.2020 25.06.2020 No se presta   e. 4

Powered by Koha